| 000 | 01444cam a22003374a 4500 | ||
|---|---|---|---|
| 001 | 11900698 | ||
| 003 | NUST - PNEC | ||
| 005 | 20170116181116.0 | ||
| 008 | 000201s2000 nyu f 001 0 eng | ||
| 010 | _a 00024656 | ||
| 020 | _a007135607X | ||
| 040 |
_aDLC _cLIBRARY _dDLC |
||
| 042 | _apcc | ||
| 050 | 0 | 0 |
_aTP1130 _b.P64 2000 |
| 082 | 0 | 0 | _a668.4199 POH |
| 100 | 1 | _aPohanish, Richard P. | |
| 245 | 1 | 0 |
_aMcGraw-Hill's hazardous chemical safety guide for the plastics industry / _cRichard P. Pohanish, Stanley A. Greene. |
| 246 | 3 | 0 | _aHazardous chemical safety guide for the plastics industry |
| 260 |
_aNew York : _bMcGraw-Hill, _cc2000. |
||
| 300 |
_aciii, 1404 p. ; _c25 cm. |
||
| 500 | _aIncludes indexes. | ||
| 650 | 0 |
_aHazardous substances _vHandbooks, manuals, etc. _xME,IME |
|
| 650 | 0 |
_aPlastics industry and trade _xSafety measures _vHandbooks, manuals, etc. |
|
| 700 | 1 | _aGreene, Stanley A. | |
| 856 | 4 | 2 |
_3Publisher description _uhttp://www.loc.gov/catdir/description/mh021/00024656.html |
| 856 | 4 | 1 |
_3Table of contents _uhttp://www.loc.gov/catdir/toc/mh021/00024656.html |
| 856 | 4 | 2 |
_3Contributor biographical information _uhttp://www.loc.gov/catdir/enhancements/fy0707/00024656-b.html |
| 906 |
_a7 _bcbc _corignew _d1 _eocip _f20 _gy-gencatlg |
||
| 942 |
_2ddc _cBK |
||
| 999 |
_c69356 _d69356 |
||